Statistics for 20 Cities on a World Map #1

Click here to take the quiz!

General Stats

  • This quiz has been taken 812 times
  • The average score is 16 of 20

Answers on the Map

Answers color-coded by a green-red scale on the quiz's map according to % correct below.
 

Answer Stats

City% Correct
Santiago
94%
Istanbul
93%
Naples
91%
Marseille
87%
Osaka
87%
Delhi
85%
Tallinn
85%
Montevideo
84%
Tampa
84%
Hong Kong
83%
Lagos
81%
Karachi
80%
Adelaide
79%
Tehran
78%
Kinshasa
76%
Dar es Salaam
74%
Detroit
70%
Jeddah
69%
Bengaluru
68%
Port Elizabeth
56%

Score Distribution

Percentile by Number Answered

Percent of People with Each Score

Your Score History

You have not taken this quiz